00221nam a22000977a 4500040000900000100002100009245004500030250001100075260002700086300001000113 cSCME aMichael J.Moran aPrinciples of engineering thermodynamics a9thed. aSingaporebWileyc2017 a699p.